000 00299nam a22001337a 4500
008 170503b xxu||||| |||| 00| 0 eng d
020 _a2900073252314
041 _aeng
080 _28 ED
_a343.9
100 _a13
101 _aSHJ
245 _aCRIMINAL JUSTICE
_cINCIARDI.A.J
942 _2udc
_cBK
999 _c12502
_d12502